|
|
|
|
| LEADER |
00670cam a2200169 7i4500 |
| 001 |
0000026683 |
| 005 |
20090406090000.0 |
| 008 |
090403 bm |
| 090 |
0 |
0 |
|a PE69
|b .U47 2006
|
| 110 |
2 |
|
|a Universiti Malaysia Sabah
|
| 245 |
1 |
0 |
|a Prospektus pascasiswazah = postgraduate prospectus 2005 - 2006
|c Universiti Malaysia Sabah.
|
| 246 |
0 |
|
|a Postgraduate prospectus 2005 - 2006.
|
| 260 |
|
|
|a Sabah, Malaysia:
|b Universiti Malaysia Sabah,
|c 2005- 06.
|
| 300 |
|
|
|a 122 p.:
|b ill., col.;
|c 20 cm.
|
| 650 |
0 |
0 |
|a Universities and colleges --
|z Malaysia
|
| 650 |
0 |
0 |
|a Education, Higher --
|z Malaysia
|
| 999 |
|
|
|a PRO0000014
|b PROSPECTUS
|c PROSPECTUS
|e 1st Floor, Bestari Jaya
|